Manual de valoración económica del medio ambiente (Registro nro. 6725)

Detalles MARC
000 -CABECERA
Campo de control 00736nam a2200241 a 4500
005 - FECHA Y HORA DE LA ULTIMA TRANSACCION
Campo de control 20180803165410.0
008 - ELEMENTOS DE LONGITUD FIJA—INFORMACION GENERAL
Campo de control 160106b2008 ck a fr|||| 00| 0 spa d
020 ## - ISBN
ISBN 97895817190304
040 ## - FUENTE DE CATALOGACIÓN
Agencia catalogadora original CO-BoIAVH
Agencia transcriptora CO-BoIAVH
041 ## - IDIOMA
Código de idioma para texto/pista de sonido o título separado Español
044 ## - PAÍS DE PUBLICACIÓN
País de publicación Colombia
082 #4 - NUMERO DE CLASIFICACION DECIMAL DEWEY
Número de clasificación 354.327
Número del ítem C35m
090 ## - CLASIFICACIÓN LOCAL
Colección LB
Consecutivo 05389
100 1# - ASIENTO PRINCIPAL--NOMBRE PERSONAL
Nombre personal Castiblanco Rozo, Carmenza
9 (RLIN) 2079
245 1# - MENCION DE TITULO
Título Manual de valoración económica del medio ambiente
260 ## - PUBLICACION, DISTRIBUCION, ETC. (PIE DE IMPRENTA)
Lugar de publicación, distribución, etc. Bogotá
Nombre del editor, distribuidor, etc. IDEA
Fecha de publicación, distribución, etc. 2008
300 ## - DESCRIPCION FISICA
Extensión 166 paginas.:
Otros detalles físicos ilustraciones;
Dimensiones 24 x 17 cm
650 #6 - ASIENTO SECUNDARIO DE MATERIA - TERMINO TEMATICO
Término temático o nombre geográfico como elemento de entrada economía medioambiental
9 (RLIN) 46786
650 #6 - ASIENTO SECUNDARIO DE MATERIA - TERMINO TEMATICO
Término temático o nombre geográfico como elemento de entrada Medio ambiente
9 (RLIN) 92195
650 #6 - ASIENTO SECUNDARIO DE MATERIA - TERMINO TEMATICO
Término temático o nombre geográfico como elemento de entrada Gestión ambiental
9 (RLIN) 92206
650 #6 - ASIENTO SECUNDARIO DE MATERIA - TERMINO TEMATICO
Término temático o nombre geográfico como elemento de entrada valoracion economica ambiental
Subdivisión geográfica San salvador
9 (RLIN) 46789
942 ## - ELEMENTOS ADICIONALES (KOHA)
Tipo de ítem Libro
Sistema de clasificación Dewey Decimal Classification
Existencias
Withdrawn status Lost status Sistema de Clasificación Damaged status No para préstamo Colección Ubicación Permanente Ubicación actual Fecha de adquisición Total Checkouts Número topográfico Inventario / Código de Barras Date last seen Ejemplar Price effective from Tipo de material Inventariado Fuente de Valor Valor
    Dewey Decimal Classification     General Bogotá Bogotá 18/03/2009   LB-354.327 C35m 026756 04/12/2012 Ej.1 04/12/2012 Libro Inventariado 2017 Instituto 39000.00
    Local     General Villa de Leyva Villa de Leyva 15/12/2008   LB-05389 026633 04/12/2012 Ej.2 04/12/2012 Libro